[Event "EU-ch Seniors 65 16th"]
[Site "Yerevan"]
[Date "2016.06.08"]
[Round "4"]
[White "Alekyan, Garegin"]
[Black "Scowen, Roger S"]
[Result "1-0"]
[WhiteElo "1996"]
[BlackElo "1849"]
[PlyCount "145"]
[EventDate "2016.06.05"]
[EventType "swiss"]
[EventRounds "9"]
[EventCountry "ARM"]
[SourceTitle "CBM 172 Extra"]
[Source "ChessBase"]
[SourceDate "2016.06.21"]
[SourceVersion "1"]
[SourceVersionDate "2016.06.21"]
[SourceQuality "1"]

1. Nf3 d5 2. c4 c6 3. b3 Nf6 4. Bb2 g6 5. Qc2 Bg7 6. e3 0-0 7. Be2 Bf5 8. d3 Na6 9. 0-0 Nb4 10. Qd2 Qb6 11. a3 Na6 12. Qc2 dxc4 13. bxc4 Nc5 14. Nd4 Bxd3 15. Bxd3 Nxd3 16. Bc3 Nc5 17. Nd2 Rfd8 18. Rab1 Qc7 19. N2b3 Nce4 20. Be1 b6 21. f3 Nd6 22. c5 Nc8 23. Bg3 e5 24. cxb6 axb6 25. Qxc6 Qxc6 26. Nxc6 Rd3 27. Rfd1 Rxd1+ 28. Rxd1 Na7 29. Nxa7 Rxa7 30. Rd8+ Bf8 31. Bxe5 Nd7 32. Bb2 f6 33. Nd4 Kf7 34. Nb5 Rb7 35. a4 Ne5 36. Kf2 Ke7 37. Rd1 Ke6 38. Ke2 Bc5 39. Bd4 Kd5 40. e4+ Kc4 41. Bxc5 Kxc5 42. Rd5+ Kb4 43. Rd4+ Kb3 44. f4 Nd7 45. Ke3 Nc5 46. g4 Nxa4 47. Rd6 Kc4 48. Na3+ Kb3 49. Rd3+ Kb4 50. Nc2+ Kc4 51. Rd6 Rf7 52. Rc6+ Nc5 53. Rxb6 Re7 54. Rxf6 Nxe4 55. Rc6+ Nc5+ 56. Kf3 Kd5 57. Rc8 Nd7 58. Nb4+ Ke6 59. Nc6 Rg7 60. Re8+ Kd6 61. Nd8 Nf6 62. Re6+ Kd7 63. Rxf6 Kxd8 64. Re6 Ra7 65. Re3 Ra4 66. h4 Ra5 67. g5 Kd7 68. Kg4 Rc5 69. Rb3 Rc1 70. Rb7+ Ke6 71. Rxh7 Rg1+ 72. Kf3 Rh1 73. Rg7 1-0

[Event "EU-ch Seniors 65 16th"]
[Site "Yerevan"]
[Date "2016.06.05"]
[Round "1"]
[White "Kuindzhy, Alexander"]
[Black "Alekyan, Garegin"]
[Result "1-0"]
[WhiteElo "2426"]
[BlackElo "1996"]
[PlyCount "107"]
[EventDate "2016.06.05"]
[EventType "swiss"]
[EventRounds "9"]
[EventCountry "ARM"]
[SourceTitle "CBM 172 Extra"]
[Source "ChessBase"]
[SourceDate "2016.06.21"]
[SourceVersion "1"]
[SourceVersionDate "2016.06.21"]
[SourceQuality "1"]

1. d4 Nf6 2. Nc3 d5 3. Bf4 e6 4. Qd2 Bd6 5. e3 Bxf4 6. exf4 b6 7. Nf3 c5 8. Ne5 0-0 9. 0-0-0 Ba6 10. f5 Bxf1 11. Rhxf1 cxd4 12. Qxd4 Nfd7 13. f4 Nxe5 14. fxe5 Qg5+ 15. Qf4 Qxf4+ 16. Rxf4 Nd7 17. Re1 Rac8 18. Nb5 Nc5 19. Re3 exf5 20. Nd6 Rc7 21. Rxf5 Ne6 22. Rd3 g6 23. Rf6 Re7 24. Nb5 Rd8 25. Ra3 Rdd7 26. Nd6 Nd8 27. Nc8 Rxe5 28. Rxa7 Rxa7 29. Nxa7 Ne6 30. Kd1 d4 31. Nc8 Ra5 32. a3 Ra6 33. Nd6 Nd8 34. Rf4 Ne6 35. Rxf7 b5 36. Rd7 b4 37. axb4 Ra1+ 38. Kd2 Rh1 39. h3 Rh2 40. Ne4 Rxg2+ 41. Kd3 Nf4+ 42. Kxd4 Rxc2 43. Nf6+ Kf8 44. Nxh7+ Ke8 45. Nf6+ Kf8 46. b3 Nxh3 47. Ne4 Rc1 48. Rh7 Nf4 49. b5 Ne6+ 50. Ke5 Nc5 51. b6 Na6 52. b7 Ke8 53. Rh8+ Kd7 54. Ra8 1-0